|
|
|
|
| LEADER |
00000nab a2200000 a 4500 |
| 001 |
vtls000710185 |
| 003 |
SK-MaSNL |
| 005 |
20260302195249.0 |
| 008 |
141112c1999 xo 0 slo |
| 015 |
|
|
|a SNBRB2000/01-00162
|
| 035 |
|
|
|a CLN000062352
|
| 040 |
|
|
|a SNKBUCL
|b slo
|c SNKBUCL
|e AACR2
|
| 041 |
0 |
|
|a slo
|
| 044 |
|
|
|a xo
|c SK
|
| 080 |
|
|
|a 616.132-002
|2 1997
|
| 245 |
0 |
0 |
|a Takayasuova arteritída: od polymorfného klinického obrazu k racionálnej diagnóze
|c K. Dorociaková ... [et al.]
|
| 650 |
0 |
7 |
|a arteritída Takayasuova
|2 snkbucl
|9 916544
|
| 655 |
|
7 |
|a články z novín a časopisov
|2 snkbucl
|9 267496
|
| 700 |
1 |
|
|a Dorociaková, K.
|4 aut
|9 916545
|
| 700 |
1 |
|
|a Hugecová, D.
|4 aut
|9 916546
|
| 700 |
1 |
|
|a Szabóová, Eva
|4 aut
|9 522624
|
| 700 |
1 |
|
|a Gregorová, M.
|4 aut
|9 590761
|
| 700 |
1 |
|
|a Gonsorčík, Jozef,
|d 1959-
|4 aut
|9 27184
|
| 773 |
0 |
|
|t Kardiológia
|g Roč. 8, supplement (1999), s. 9A
|x 1210-0048
|
| 850 |
|
|
|a Slovenská národná knižnica v Martine
|
| 852 |
|
|
|a SNK
|b KIS3GCP
|
| 958 |
|
|
|a MI
|
| 999 |
|
|
|c 1451913
|d 1453843
|